Statistics for Tennis-Most Major Titles (Women)

Click here to take the quiz!

General Stats

  • This quiz has been taken 47 times
  • The average score is 8 of 10

Answer Stats

Majors WonPlayerCountry% Correct
23Serena WilliamsUnited States 🇺🇸
100%
22Steffi GrafGermany 🇩🇪
97%
7Venus WilliamsUnited States 🇺🇸
97%
18Martina NavratilovaUnited States 🇺🇸
86%
9Monica SelesUnited States 🇺🇸 / Hungary 🇭🇺
83%
18Chris EvertUnited States 🇺🇸
81%
8Billie Jean KingUnited States 🇺🇸
78%
11Margaret CourtAustralia 🇦🇺
75%
7Justine HeninBelgium 🇧🇪
67%
7Evonne GoolagongAustralia 🇦🇺
58%

Score Distribution

Percentile by Number Answered

Percent of People with Each Score

Your Score History

You have not taken this quiz